000 00953nam a22003257a 4500
001 BR8005357
003 BR-BrBNA
005 20230928090720.0
007 ta
008 230509b bl.||||| |||| 00| 0 por d
040 _aBR-BrBNA
_bpor
_cBiblioteca Nacional de Agricultura
041 _a(Por)
072 _aP05; D50; E30
_b8961
_b/G514
090 _ 8961 BR8005357
100 1 _aBarreto, R.E. de A.
100 1 _aLima, A.C.F.
110 1 _aBanco do Nordeste do Brasil S.A., Fortaleza, CE
245 1 _aA crise do petroleo; o PROALCOOL e o BNB [Banco do Nordeste do Brasil, Programa Nacional do Alcool]
260 3 _aFortaleza, CE (Brasil):
_c1980.
300 _a118 p.
500 _aBibliography p. 113-118 (62 ref.)
650 _aRECURSO ENERGETICO
650 _aPETROLEO
650 _aCOMBUSTIVEL
650 _aALCOOL MOTOR
650 _aLEGISLACAO
650 _aDIRETRIZ
909 _a202309
_bLucia
_c55
_dLucia Elande
942 _cBK
999 _c30180
_d30180